00981nac a22002771u 4500999001500000003000900015005001700024008004100041040004300082043001200125082001900137100004100156245004100197264007200238300002300310336002600333337002800359338002700387500002300414650003900437651003600476653002400512655002400536942001200560952013100572 c2951d2951EG-ScBUE20210517101041.0170918n enk f d 000 p eng d aEG-ScBUEbengerdacEG-ScBUEdEG-ScBUE ae-uk-st04a821.6bBUR2221 aBurns, Robert, d1759-1796,eauthor.04aThe poems of Robert Burns 1759-1796. 1aLondon ;aGlascow :bCollins,c[date of publication not identified] a648 pages ;c16 cm 2rdacontentatextbtxt 2rdamediaaunmediatedbn 2rdacarrieravolumebnc aIncludes glossary. 7aChildren's poetry, English.2BUEsh 7aScotlandvPoetry.2BUEsh934053 bGGENcSeptember2017 vReading book934232 2ddccBB 00104070aMAINbMAINc2NDd2013-03-07ePurchasel2m2o821.6 BURp000001203r2025-07-15 00:00:00s2012-03-28w2007-03-13yBB